000 00819nam a2200229 a 4500
001 BRCA_1110
005 20190320203302.0
008 960814s1996 mx-a---##c---#000-0#spa-#
020 _a9682952425
040 _aDLC
_cDLC
050 4 _aF1231
_b.O87 1996
245 1 0 _aEl otro yo del rey
_bvirreyes de la Nueva España, 1535-1821.
260 _aMéxico
_bMuseo Nacional de Historia
_c1996
300 _a79 p.
_bil. (algunas a color)
_c22 cm.
500 _aIncluye índice de fotografías
610 2 4 _aMuseo Nacional de Historia (México)
_xExposiciones
_93663
650 1 4 _aVirreyes
_xRetratos
_zNueva España
_93664
651 4 _aMéxico
_xHistoria
_yColonia española, 1540-1810
_9394
651 4 _aMéxico (Ciudad)
_vExposiciones
_xHistoria
_93665
710 2 _aMuseo Nacional de Historia (México)
_93666
942 _2lcc
_cB
999 _c989
_d989